Music And The Spiritual/ (Record no. 208981)

MARC details
000 -LEADER
fixed length control field 00553nam a22001937a 4500
005 - DATE AND TIME OF LATEST TRANSACTION
control field 20250213154038.0
010 ## - LCCN (DPL NO)
LC control number 127234
020 ## - INTERNATIONAL STANDARD BOOK NUMBER
Terms of availability 1095.00
International Standard Book Number 9789380607962
035 ## - SYSTEM CONTROL NUMBER
System control number EN-127234
037 ## - SOURCE OF ACQUISITION
Source of stock number/acquisition DBAD
082 ## - DEWEY DECIMAL CLASSIFICATION NUMBER
Classification number 320.954
100 ## - MAIN ENTRY--PERSONAL NAME
Personal name Copley Antony
245 ## - TITLE STATEMENT
Title Music And The Spiritual/
Statement of responsibility, etc By Antony Copley
250 ## - EDITION STATEMENT
Edition statement 1
260 ## - PUBLICATION, DISTRIBUTION, ETC. (IMPRINT)
Place of publication, distribution, etc New Delhi
Name of publisher, distributor, etc Primus Book
Date of publication, distribution, etc 2012
270 ## - ADDRESS
City New Delhi
Address Virat Bhawan, Mukherjee Nagar, Commercial Complex
Postal code 110009
300 ## - PHYSICAL DESCRIPTION
Extent 352
Dimensions 21cm(HB)
942 ## - ADDED ENTRY ELEMENTS (KOHA)
Source of classification or shelving scheme Dewey Decimal Classification
Item type English Books
Classification part 320.954
Call number suffix COP
Holdings
Withdrawn status Lost status Not for loan Collection code Home library Current library Date acquired Source of acquisition Cost, normal purchase price Full call number Barcode Copy number Cost, replacement price Koha item type
      Non-fiction Central Library Central Library 11/02/2025 DBAD 1095.00 320.954 GUP EN-127234 1 1095.00 English Books

© Delhi Public Library
Hit Counter
free hit counter